Making a charge for library and information services
Αποθηκεύτηκε σε:
| Κύριος συγγραφέας: | |
|---|---|
| Μορφή: | Βιβλίο |
| Γλώσσα: | English |
| Δημοσίευση: |
London :
Aslib,
1994
|
| Σειρά: | Aslib know how series
|
| Θέματα: | |
| Ετικέτες: |
Προσθήκη ετικέτας
Δεν υπάρχουν, Καταχωρήστε ετικέτα πρώτοι!
|
MARC
| LEADER | 00000nam a2200000 i 4500 | ||
|---|---|---|---|
| 001 | 1/97196 | ||
| 008 | 950207s1994 eng d | ||
| 020 | |a 0-85142-339-6 ((pbk)) | ||
| 035 | |l 10010464 | ||
| 040 | |a GR-MY-UA |b gre |e aacr | ||
| 041 | 0 | |a eng | |
| 082 | 0 | |a 025.1 | |
| 100 | 1 | |a Webb, Sylvia P. | |
| 245 | 1 | 0 | |a Making a charge for library and information services / |c Sylvia P. Webb |
| 260 | |a London : |b Aslib, |c 1994 | ||
| 300 | |a 50 p. | ||
| 490 | 1 | |a Aslib know how series | |
| 504 | |a Includes bibliographical references | ||
| 650 | 0 | 0 | |a Library administration. |
| 650 | 0 | 0 | |a Charging systems (Libraries) |
| 830 | 0 | |a Aslib know how series | |
| 852 | |a INST |b LESVOS |e 19950207 |h 025.1 WEB |p 005100003037 |q 005100003037 |t BK |y 0 | ||
| 909 | |a Λ |b 037057 | ||